| 000 | 01507nam a2200277Ia 4500 | ||
|---|---|---|---|
| 999 |
_c52989 _d52989 |
||
| 001 | 20020 | ||
| 003 | GE_BSU | ||
| 005 | 20200602144206.0 | ||
| 008 | 181216s1965||||ge |||||||||||||| ||geo|| | ||
| 040 | _cGE_BSU | ||
| 041 | _ageo | ||
| 080 | _a811.35(075.8) ჩ-69 | ||
| 100 |
_aჩიქობავა, არნ. _97708 |
||
| 245 |
_aიბერიულ-კავკასიურ ენათა შესწავლის ისტორია : _b[სახელმძღვ. ფილოლ. ფაკ-ტის სტუდენტთათვის] / _cარნ. ჩიქობავა ; რედ. ეთ. გელაშვილი. |
||
| 264 |
_aთბილისი : _bგანათლება, _c1965. |
||
| 300 |
_a412 გვ. ; _c22 სმ. |
||
| 500 | _aპარალელური თავფურცელი რუსულ და ინგლისურ ენებზე | ||
| 501 | _aდანართი "პირთა საძიებელი". გვ. 403-406 | ||
| 504 | _aბიბლიოგრაფია : გვ. 401-402 | ||
| 541 | _h1ლ.62თ. | ||
| 653 | _aიბერიულ-კავკასიური ენები | ||
| 653 | _aსახელმძღვანელოები უმაღლესი სასწავლებლებისათვის | ||
| 653 | _aქართული ენა | ||
| 700 |
_aგელაშვილი, ეთ. _eრედაქტორი _97567 |
||
| 942 |
_cBK _2udc |
||